000 00628nam a2200181 4500
008 180119b xxu||||| |||| 00| 0 eng d
020 _a0-8163-0843-8
082 _21977
_aDC 291.61
_bW58
100 _925703
_aWhite, Ellen G.
245 _athe story of prophets and kings:
_bas illustrated in the captivity and restoration of Israel/
_cEllen G. White.
260 _aCanada:
_bPacific Press Publishing Association,
_c1977.
300 _a752 pages:
_billustration;
_c19 cm.
500 _aincludes index.
650 0 _925704
_aProphets
650 0 _925705
_aReligious biography
700 _925706
_aWhite, Ellen G.
942 _2ddc
_cDC
999 _c8311
_d8311